000 00740nam a2200253Ia 4500
003 OSt
005 20220925220450.0
006 a|||||r|||| 00| 0
007 ta
008 220923b |||||||| |||| 00| 0 eng d
020 _a0333219198
037 _cGeneral Book
040 _aRTL
_cRTL
_beng
041 _2eng
_aeng
082 _aX.3.M30<---M24, L9
100 _aGordon Barry
_9138943
245 0 _aEconomic doctrine and Tory liberalism
_b 1824-1830
260 _aLondon
_bMacmillan
_c1979
300 _axii,181p.
_ccm.
500 _aBibliography: P156-170
650 _aEconomic Conditions Great Britain
_9232317
942 _hX.3.M30<---M24, L9
_cGB
_2CC
999 _c571553
_d571553